Регионална библиотека "Любен Каравелов" - Русе

Книга за една обич (Запис номер 137567)

MARC детайли
000 -Лидер
Контролно поле с фиксирана дължина 01031nam a2200301 c 4500
003 - Код на организацията, давaща контролен номер
Контролно поле BLK
005 - Дата и час на последна редакция
Контролно поле 20180422112051.0
008 - Елементи от данни с фиксирана дължина
fixed length control field 180409b bul|||||r ||||||| ||bul||
010 ## - Наследен системен номер
LC control number KNG00143540000
040 ## - Източник на каталожния запис
Идентификатор на билиотеката - собственик на записа BLK
041 ## - Код за език
Код за езика на текст/звукозапис или на отделно заглавие Български
Код за езика КДБФ Български
072 #7 - Код за тематичната категория
Код организация bullib
Код за тематична категория Я
Текст Автографи
080 ## - УДК
Текстов определител УДК Българска литература
УДК код - определител по УДК 821.163.2
УДК определител -1
УДК - код + определител 821.163.2-1
100 1# - Редна дума - Автор
Автор Евтимов, Евтим Михалушев
Авторска отговорност първи автор
R(LIN) 365147
139 ## - Редно поле
Редна дума Евтимов, Евтим Михалушев
Авторски знак Евт - Е 22
245 10 - Сведения за заглавието
Заглавие Книга за една обич
Подзаглавни данни Лирически поеми
Редно поле (дума) Евтим Михалушев Евтимов.
257 ## - Страна на издаване
Страна на създаване/издаване България
260 ## - Област на издателските данни
-- Пловдив
Име на издателя, разпространителя и проч. Христо Г. Данов
Година на издаване 1967
300 ## - Физическа характеристика
Страници 48 с.
Размери/Мащаб 10 см
380 ## - Жанр
Жанр Худож. лит.
490 1# - СЕРИИ (Колекции)
Име на серия Поредица Посоки
№: серия 1967, 2
659 ## - Тематичен бюлетин
Тематичен бюлетин Я
852 ## - Местоположение
Форматна сигнатура Цб І 9104
856 4# - Електронен адрес и достъп
Електронен формат pdf - файл
Път до файла /url/
856 4# - Електронен адрес и достъп
Електронен формат pdf - файл
Път до файла /url/
942 ## - АРТИКУЛИ
Вид на библиотечния материал Книги
Скрит в OPAC Не
944 ## - СЪЗДАВАНЕ И РЕДАКЦИЯ на ЗАПИСА
Създаване/Редакция Създаване
Дата на регистрацията/редакция 05.06.2013
Служител, извършил регистрацията/редакцията Ренета_Константинова
944 ## - СЪЗДАВАНЕ И РЕДАКЦИЯ на ЗАПИСА
Създаване/Редакция Редакция
Дата на регистрацията/редакция 05.06.2013
Служител, извършил регистрацията/редакцията
999 ## - СИСТЕМНИ КОНТРОЛНИ НОМЕРА
Koha biblionumber 137567
Koha biblioitemnumber 137567
Наличности
Код за отписване Код за изгубен артикул Източник на класификационната схема Код за повреда Коз за рестрикции Код за отдаване Артикулен № Име на библиотеката - собственик Име на библиотеката, в която се намира в момента Статус (Текущо местоположение) Дата на вписване в системата Местоположение - отдел Цена в лева Инвентарен номер Систематично азбучна сигнатура Баркод Номер на екземпляра Цена в евро Служебна бележка Служебен тип на артикула Номерация (Хронология)
  Не е изгубен Universal Decimal Classification Не е повреден само за читалня ползва се в читалня 225018 Регионална библиотека "Любен Каравелов" Русе Регионална библиотека "Любен Каравелов" Русе Хранилище 1967-01-01 Хранилище 0.25 5157/67 Цб І 9104 900000030071 1 0.13 Вид: Сф N: стар фонд Дата: 01.01.1967 Книги  
  Не е изгубен Universal Decimal Classification Не е повреден само за читалня ползва се в читалня 225019 Регионална библиотека "Любен Каравелов" Русе Регионална библиотека "Любен Каравелов" Русе Хранилище 1967-01-01 Основен фонд - ползва се само за читалня 0.25 5630/67 Цб І 9104 900000030074 2 0.13 Вид: Сф N: стар фонд Дата: 01.01.1967 Книги Автограф: Евтим Евтимов
Изтеглен Не е изгубен Universal Decimal Classification Не е повреден без рестрикции заемане за дома 225020 Регионална библиотека "Любен Каравелов" Русе Регионална библиотека "Любен Каравелов" Русе Заемна - подръчен фонд 1967-01-01 Заемна - подръчен фонд 0.00 5631/67 П 886.7-1/Е 22 5631/67 3 0.00 Вид: Сф N: стар фонд Дата: 01.01.1967 Книги  
Vip Innovations Ltd, Rousse, Bulgaria 2025